| 000 | 00964cam a22002531 4500 | ||
|---|---|---|---|
| 001 | sd 51000059 | ||
| 003 | DLC | ||
| 005 | 20260227112736.0 | ||
| 008 | 910404s1945 dcua b f000 0 eng c | ||
| 010 | _asd 51000059 | ||
| 035 | _a(OCoLC)23376380 | ||
| 040 |
_aU.S. Dept. of State _cMShM _dMShM _dDLC |
||
| 042 | _apremarc | ||
| 050 | 0 | 0 |
_aUB250 _b.U33 no. 2636 |
| 082 | 0 | _a339.352 | |
| 110 | 1 |
_aUnited States. _bDepartment of State. _bInterim Research and Intelligence Service. _bResearch and Analysis Branch. |
|
| 245 | 1 | 0 |
_aNational income of Japan. _bFirst draft. |
| 260 |
_a[Washington] _c1945. |
||
| 300 |
_a238 p. _btables. _c27 cm. |
||
| 490 | 1 |
_aUnited States. Dept. of State. Interim Research and Intelligence Service. Research and Analysis Branch. R&A, _vno. 2636. |
|
| 504 | _aBibliography: p. 235-238. | ||
| 650 | 0 |
_aNational income _zJapan. |
|
| 810 | 1 |
_aUnited States. _bDepartment of State. _bOffice of Intelligence Research. _tR&A ; _vno. 2636. |
|
| 999 |
_c90041 _d90041 |
||